Central Library OPAC University of Rajshahi
Normal view MARC view

Entry Personal Name

Number of records used in: 2

001 - CONTROL NUMBER

  • control field: 12859

003 - CONTROL NUMBER IDENTIFIER

  • control field: BD-RjUL

005 - DATE AND TIME OF LATEST TRANSACTION

  • control field: 20240506181006.0

008 - FIXED-LENGTH DATA ELEMENTS

  • fixed length control field: 240506|| aca||aabn | a|a d

040 ## - CATALOGING SOURCE

  • Original cataloging agency: BD-RjUL
  • Transcribing agency: BD-RjUL

100 ## - HEADING--PERSONAL NAME

  • Personal name: Shamsi, Ashrafi

670 ## - SOURCE DATA FOUND

  • Source citation: Work cat.: (BD-RjUL)83659: Shamsi, Ashrafi, A Comparative eco-physiological study on fuor wildly growing hygrophilous sciophytes. /, 2004